[Event "IX Weekend A"]
[Site "Porto Sant'Elpidio ITA"]
[Date "2006.11.26"]
[Round "5"]
[White "Fioravanti, Emidio"]
[Black "Rotoni, Matteo"]
[Result "0-1"]
[WhiteElo "2058"]
[BlackElo "2119"]
[PlyCount "85"]
[EventDate "2006.11.18"]

1. e4 e6 2. d4 d5 3. e5 c5 4. Qg4 Nc6 5. Nf3 cxd4 6. Bd3 Qb6 7. O-O f5 8. Qh3
Nge7 9. Re1 Bd7 10. Nbd2 h6 11. Nb3 g6 12. Bd2 Bg7 13. a4 a6 14. Re2 g5 15. a5
Qa7 16. Qg3 O-O-O 17. c3 dxc3 18. Bxc3 f4 19. Qh3 Rdg8 20. g4 fxg3 21. Qxg3 Bf8
22. Nfd4 h5 23. Nxc6 Nxc6 24. Rc1 Kd8 25. Bd2 Be7 26. Bb1 g4 27. Qd3 h4 28. Be3
Qb8 29. Bb6+ Ke8 30. Bd4 Bg5 31. Rf1 Bf4 32. Rfe1 g3 33. Qf3 gxf2+ 34. Kxf2
Bg3+ 35. hxg3 Rf8 36. Bg6+ Kd8 37. Bf7 Rh7 38. Bb6+ Kc8 39. Qg4 Rhxf7+ 40. Kg2
hxg3 41. Nc5 Rf4 42. Qg7 R4f7 43. Qg6 0-1

[Event "IX Weekend A"]
[Site "Porto Sant'Elpidio ITA"]
[Date "2006.11.26"]
[Round "5"]
[White "Fratini, Mauro"]
[Black "Parrini, Daniele"]
[Result "1-0"]
[WhiteElo "1925"]
[BlackElo "1938"]
[PlyCount "105"]
[EventDate "2006.11.18"]

1. d4 Nf6 2. Nf3 g6 3. Bf4 Bg7 4. e3 d6 5. Be2 O-O 6. h3 Nbd7 7. Nbd2 Re8 8.
Nc4 Ne4 9. Bd3 Nef6 10. O-O Nh5 11. Bh2 e5 12. dxe5 dxe5 13. Be2 Qe7 14. c3 a6
15. a4 Bf6 16. Qc2 b6 17. Rfd1 Bb7 18. g4 Ng7 19. b4 Rad8 20. e4 h5 21. Ne3 Bg5
22. Nd5 Bxd5 23. exd5 hxg4 24. Nxg5 Qxg5 25. hxg4 Nh5 26. Qd2 Nf4 27. Bxf4 exf4
28. f3 Nf6 29. c4 Kg7 30. Kg2 Nh5 31. Rh1 Ng3 32. Qd4+ f6 33. Bd3 Nxh1 34. Rxh1
Qe5 35. Qxe5 Rxe5 36. Be4 f5 37. gxf5 gxf5 38. Bd3 Rh8 39. Rd1 Kf6 40. Rd2 Rg8+
41. Kf2 Re7 42. c5 Rh7 43. Ke1 Rh1+ 44. Bf1 Rgg1 45. Rf2 Ke5 46. d6 Rh7 47.
dxc7 Rxc7 48. cxb6 Rc4 49. Re2+ Kf6 50. Kf2 Rxf1+ 51. Kxf1 Rxb4 52. a5 Rb5 53.
Re8 1-0

[Event "IX Weekend A"]
[Site "Porto Sant'Elpidio ITA"]
[Date "2006.11.26"]
[Round "5"]
[White "Guglielmi, Dante"]
[Black "Mircoli, Filippo"]
[Result "0-1"]
[WhiteElo "1960"]
[BlackElo "1824"]
[PlyCount "96"]
[EventDate "2006.11.18"]

1. c4 c5 2. Nc3 e6 3. g3 Nf6 4. Bg2 Be7 5. Nf3 O-O 6. O-O d5 7. d3 Nc6 8. Bf4
Nh5 9. Bd2 d4 10. Nb5 a6 11. Na3 Qc7 12. e4 e5 13. Nxd4 Nxd4 14. Qxh5 Bd7 15.
Be3 b5 16. Bxd4 cxd4 17. Rac1 Bxa3 18. bxa3 bxc4 19. Rxc4 Qd6 20. Rfc1 Rac8 21.
a4 g6 22. Qd1 Rxc4 23. Rxc4 Qa3 24. Qb3 Qd6 25. Qc2 Rb8 26. h4 Qa3 27. Rc7 Bxa4
28. Qc4 Be8 29. Rc8 Rxc8 30. Qxc8 Kf8 31. Qb8 f6 32. Qd8 Kf7 33. Bh3 Qxa2 34.
Qc7+ Kg8 35. Qd6 Kg7 36. Be6 Qb1+ 37. Kg2 Qb7 38. Bd5 Qa7 39. Qd8 Bf7 40. Qa5
Bxd5 41. exd5 Kf7 42. d6 Ke6 43. Qd8 Qd7 44. Qg8+ Kxd6 45. Qf8+ Qe7 46. Qb8+
Kc6 47. Qa8+ Qb7 48. Qe8+ Kb6+ 0-1

[Event "IX Weekend A"]
[Site "Porto Sant'Elpidio ITA"]
[Date "2006.11.26"]
[Round "5"]
[White "Paci, Stefano"]
[Black "Iaconi, Andrea"]
[Result "1-0"]
[WhiteElo "2116"]
[BlackElo "1910"]
[PlyCount "86"]
[EventDate "2006.11.18"]

1. d4 Nf6 2. c4 g6 3. Nc3 d5 4. Nf3 Bg7 5. Bf4 a6 6. e3 O-O 7. Qb3 e6 8. h3 c6
9. cxd5 exd5 10. Bxb8 Rxb8 11. Bxa6 Bxh3 12. Bf1 Bf5 13. Nh4 Be6 14. Qc2 Nd7
15. Nf3 c5 16. Be2 cxd4 17. Nxd4 Rc8 18. Rd1 Ne5 19. Qb3 Qg5 20. g3 Nc4 21.
Ncb5 Rfd8 22. Rh4 Qe7 23. Nxe6 Qxe6 24. Nd4 Qe7 25. Kf1 Bf6 26. Rh1 Bg5 27. Nf3
Bf6 28. Nd4 Bg5 29. Rd3 Bf6 30. Kg2 Ne5 31. Rd2 Nc6 32. Bf3 Na5 33. Qd3 Nc4 34.
Rc2 Ne5 35. Qd1 Nxf3 36. Nxf3 Qe4 37. Rd2 Rc7 38. Qb3 Rcd7 39. Rhd1 d4 40. Qc4
Qe6 41. Qxe6 fxe6 42. exd4 Kf7 43. b3 Ke7 1-0

[Event "IX Weekend A"]
[Site "Porto Sant'Elpidio ITA"]
[Date "2006.11.26"]
[Round "5"]
[White "Palmizi, Alessandro"]
[Black "Bertolini, Ettore"]
[Result "1-0"]
[WhiteElo "1877"]
[BlackElo "1927"]
[PlyCount "91"]
[EventDate "2006.11.18"]

1. e4 c5 2. Nf3 d6 3. d4 cxd4 4. c3 d3 5. Bxd3 g6 6. Bc4 Qc7 7. Qe2 Bg7 8. Be3
Nf6 9. Nbd2 a6 10. h3 b5 11. Bd3 Bb7 12. O-O O-O 13. Rac1 Qa5 14. Nb3 Qa4 15.
e5 dxe5 16. Nxe5 Nd5 17. Nc5 Qa5 18. Nxb7 Qc7 19. Bd4 Qxb7 20. Be4 e6 21. b3 f6
22. Nd3 f5 23. Bxg7 Qxg7 24. Bxd5 exd5 25. Qe6+ Qf7 26. Qxf7+ Rxf7 27. Nf4 Rd7
28. Rfd1 Nc6 29. Nxd5 Kf7 30. Nb6 Rxd1+ 31. Rxd1 Rb8 32. Nd7 Re8 33. Kf1 Re7
34. Rd6 Nd8 35. Nc5 Rc7 36. b4 Ke7 37. Rxa6 Nf7 38. Re6+ Kf8 39. f4 Nd8 40. Rb6
Ra7 41. Ra6 Re7 42. Kf2 Nb7 43. Nxb7 Rxb7 44. Ke3 Rc7 45. Kd3 Rc4 46. g3 1-0

[Event "IX Weekend A"]
[Site "Porto Sant'Elpidio ITA"]
[Date "2006.11.26"]
[Round "5"]
[White "Spano' Cuomo, Gaetano"]
[Black "Rinaudo, Sergio"]
[Result "0-1"]
[WhiteElo "1826"]
[BlackElo "2131"]
[PlyCount "106"]
[EventDate "2006.11.18"]

1. d4 d5 2. Nf3 Nf6 3. e3 Bg4 4. Be2 e6 5. O-O Bd6 6. c4 c6 7. cxd5 exd5 8. Nc3
Nbd7 9. a3 a5 10. b3 O-O 11. Bb2 Qe7 12. Nd2 Bxe2 13. Nxe2 Rae8 14. Ng3 Qe6 15.
Qf3 Ne4 16. Ndxe4 dxe4 17. Qd1 f5 18. Ne2 Qh6 19. g3 Qh3 20. Kh1 Nf6 21. Ng1
Qh6 22. Kg2 Ng4 23. h3 Nf6 24. Ne2 Nd5 25. Nf4 Bxf4 26. gxf4 Re6 27. Rh1 Qh4
28. Kf1 g5 29. Rg1 Qxh3+ 30. Ke2 g4 31. Qf1 Qh4 32. Qg2 Qd8 33. Kd2 Qb6 34. Kc2
Qb5 35. Rad1 Rh6 36. Bc3 Rff6 37. Qf1 Qxf1 38. Rdxf1 Rh2 39. Kd2 b6 40. Bb2 Kf7
41. Ke2 Rfh6 42. Rg3 Ke6 43. Rc1 Kd6 44. a4 Rh1 45. Rgg1 R1h3 46. Ba3+ Ke6 47.
Bf8 R6h5 48. Bg7 Rh2 49. Be5 Nb4 50. Rgf1 Nd3 51. Rc3 g3 52. Rxd3 exd3+ 53.
Kxd3 Rxf2 0-1

[Event "IX Weekend A"]
[Site "Porto Sant'Elpidio ITA"]
[Date "2006.11.26"]
[Round "5"]
[White "Voicu, Joan Paul"]
[Black "Briffault, Philippe"]
[Result "1-0"]
[WhiteElo "1945"]
[BlackElo "1875"]
[PlyCount "71"]
[EventDate "2006.11.18"]

1. e4 Nf6 2. e5 Nd5 3. d4 d6 4. Nf3 Bg4 5. Bc4 e6 6. Qe2 Be7 7. Be3 O-O 8. Nbd2
Nd7 9. a3 dxe5 10. O-O-O c5 11. dxc5 Rc8 12. h3 Nxe3 13. hxg4 Nxd1 14. Rxd1
Bxc5 15. Ne4 Be7 16. Nxe5 Rxc4 17. Rxd7 Bg5+ 18. Kb1 Rxe4 19. Qxe4 Qf6 20. Nd3
Rd8 21. Qxb7 e5 22. Qxa7 e4 23. Nb4 Re8 24. Qd4 Qf4 25. Qd5 h6 26. Qf5 Qc1+ 27.
Ka2 Bf6 28. c3 Qf1 29. Qd5 Re6 30. Qc5 Qxg2 31. Qc8+ Kh7 32. Rxf7 Re7 33. Rf8
Re5 34. Nd5 Bh4 35. Rh8+ Kg6 36. Nf4+ 1-0

[Event "IX Weekend A"]
[Site "Porto Sant'Elpidio ITA"]
[Date "2006.11.26"]
[Round "6"]
[White "Allegranti, Luca"]
[Black "Fioravanti, Emidio"]
[Result "1-0"]
[WhiteElo "2023"]
[BlackElo "2058"]
[PlyCount "113"]
[EventDate "2006.11.18"]

1. d4 Nf6 2. Nf3 e6 3. e3 c5 4. c3 b6 5. Bd3 Bb7 6. Nbd2 d5 7. Ne5 Bd6 8. f4 h5
9. O-O Bxe5 10. fxe5 Ng4 11. Qf3 Qe7 12. h3 Nh6 13. Qxh5 Nd7 14. Nf3 O-O-O 15.
Qg5 f6 16. Qg3 Rdg8 17. b4 c4 18. Bc2 f5 19. Qg5 Qf8 20. Qg6 Qf7 21. Nh4 Qe7
22. Nf3 Nf8 23. Qg5 Qd7 24. a4 Nf7 25. Qg3 g5 26. Nh2 Nh6 27. Bd1 Qh7 28. Ra2
g4 29. hxg4 Nxg4 30. Nxg4 fxg4 31. Kf2 Rg7 32. Ke1 Qb1 33. Rc2 Bc6 34. b5 Be8
35. Bd2 Nd7 36. Rc1 Qa2 37. e4 Rf7 38. Rxf7 Bxf7 39. exd5 Rh1+ 40. Ke2 exd5 41.
Ke3 Qa3 42. Qxg4 Qe7 43. Bf3 Rh6 44. Qg3 Be6 45. Kf2 Qh7 46. Qg5 Rh2 47. Bf4
Rh4 48. Bg3 Rh6 49. Qe3 Nf8 50. Bf4 Rg6 51. g3 Qh2+ 52. Bg2 Bh3 53. Qf3 Bxg2
54. Qxg2 Qh7 55. Rh1 Qf7 56. Qh3+ Kc7 57. e6+ 1-0

[Event "IX Weekend A"]
[Site "Porto Sant'Elpidio ITA"]
[Date "2006.11.26"]
[Round "6"]
[White "Bertolini, Ettore"]
[Black "Guglielmi, Dante"]
[Result "0-1"]
[WhiteElo "1927"]
[BlackElo "1960"]
[PlyCount "80"]
[EventDate "2006.11.18"]

1. e4 c5 2. Nf3 d6 3. d4 cxd4 4. Nxd4 Nf6 5. Nc3 a6 6. Bg5 e6 7. Qf3 Be7 8.
O-O-O Qa5 9. Be3 Qh5 10. Qxh5 Nxh5 11. Be2 Nf6 12. g4 Nc6 13. f4 Nxd4 14. Bxd4
O-O 15. Be3 b5 16. g5 Nd7 17. Bf3 Bb7 18. a3 Rfd8 19. Rhf1 Rac8 20. h4 Bc6 21.
Be2 Nc5 22. Bf3 a5 23. b4 axb4 24. axb4 Nd7 25. Kb2 Rb8 26. Ra1 Nb6 27. Bxb6
Rxb6 28. Ra7 Bf8 29. Rd1 Bb7 30. Kb3 Rc8 31. Be2 Bc6 32. Ra5 Rcb8 33. Ra7 g6
34. Rc7 Be8 35. Ra1 Bg7 36. Raa7 Bd4 37. Nd1 Rc6 38. Rab7 Ra8 39. Bxb5 Rxc7 40.
Rxc7 Bxb5 0-1

[Event "IX Weekend A"]
[Site "Porto Sant'Elpidio ITA"]
[Date "2006.11.26"]
[Round "6"]
[White "Briffault, Philippe"]
[Black "Palmizi, Alessandro"]
[Result "1/2-1/2"]
[WhiteElo "1875"]
[BlackElo "1877"]
[PlyCount "20"]
[EventDate "2006.11.18"]

1. d4 d6 2. Nf3 g6 3. c4 Bg7 4. Nc3 e6 5. e4 Ne7 6. Be2 b6 7. Be3 Bb7 8. Qd2 h6
9. h4 Nd7 10. g4 a6 1/2-1/2

[Event "IX Weekend A"]
[Site "Porto Sant'Elpidio ITA"]
[Date "2006.11.26"]
[Round "6"]
[White "Cerquitella, Luca"]
[Black "Rinaudo, Sergio"]
[Result "1-0"]
[WhiteElo "2188"]
[BlackElo "2131"]
[PlyCount "91"]
[EventDate "2006.11.18"]

1. e4 e5 2. Bc4 Nf6 3. d4 exd4 4. Nf3 Nc6 5. O-O d6 6. Nxd4 Nxd4 7. Qxd4 Be7 8.
Nc3 O-O 9. h3 Bd7 10. Bg5 h6 11. Bh4 Re8 12. Rae1 Bc6 13. f4 Nd7 14. Bxe7 Rxe7
15. Nd5 Bxd5 16. Bxd5 c6 17. Bb3 Qb6 18. Qxb6 Nxb6 19. f5 Re5 20. Rd1 d5 21.
exd5 Nxd5 22. Bxd5 cxd5 23. Rd2 Rae8 24. Rfd1 Re2 25. Kf1 Rxd2 26. Rxd2 Re5 27.
g4 Kf8 28. Rd3 Ke8 29. Ra3 a6 30. Rb3 Re7 31. Kf2 f6 32. Kf3 Kd8 33. Rd3 Rd7
34. Ke3 Kc7 35. Kd4 Kd6 36. Re3 Rc7 37. Re6+ Kd7 38. c3 Rc4+ 39. Kxd5 Ra4 40.
a3 Rf4 41. Rb6 Kc7 42. Rb4 Rf3 43. h4 h5 44. Ke6 Kc6 45. gxh5 b5 46. Rg4 1-0

[Event "IX Weekend A"]
[Site "Porto Sant'Elpidio ITA"]
[Date "2006.11.26"]
[Round "6"]
[White "Cesarini, Leopoldo"]
[Black "Rinaudo, Andrea"]
[Result "1/2-1/2"]
[WhiteElo "1930"]
[BlackElo "2122"]
[PlyCount "59"]
[EventDate "2006.11.18"]

1. Nf3 c5 2. g3 d5 3. Bg2 Nc6 4. d4 e6 5. O-O Nf6 6. c3 Be7 7. Nbd2 O-O 8. dxc5
Bxc5 9. Nb3 Be7 10. Be3 b6 11. Nfd4 Ne5 12. Bf4 Nc4 13. Nc6 Qd7 14. Nxe7+ Qxe7
15. Qc2 Bb7 16. Rad1 Rac8 17. Bg5 Rfd8 18. Rfe1 h6 19. Bxf6 Qxf6 20. Nd2 Ne5
21. Qa4 a5 22. Qd4 Nd7 23. Qxf6 Nxf6 24. Nf3 Kf8 25. Rd4 Ba6 26. Ne5 Ke8 27. e3
Nd7 28. Nxd7 Rxd7 29. Bf1 Bxf1 30. Kxf1 1/2-1/2

[Event "IX Weekend A"]
[Site "Porto Sant'Elpidio ITA"]
[Date "2006.11.26"]
[Round "6"]
[White "Ferri, Stefano"]
[Black "Bastarelli, Giuseppe"]
[Result "0-1"]
[WhiteElo "2131"]
[BlackElo "2200"]
[PlyCount "72"]
[EventDate "2006.11.18"]

1. d4 e6 2. Nf3 Nf6 3. c4 d5 4. Nc3 Be7 5. Bg5 Nbd7 6. e3 O-O 7. Rc1 c6 8. Qc2
a6 9. a3 dxc4 10. Bxc4 b5 11. Ba2 c5 12. O-O Bb7 13. dxc5 Nxc5 14. Rfd1 Qe8 15.
b4 Ncd7 16. e4 Rc8 17. Qe2 Nb6 18. Ne5 Nfd7 19. Bxe7 Qxe7 20. Nxd7 Nxd7 21. Qe3
Ne5 22. f3 Rfd8 23. Ne2 h6 24. Nd4 Rxc1 25. Rxc1 Qd6 26. Nb3 Nc4 27. Qc3 Bc8
28. Nc5 Qd4+ 29. Kf1 Qxc3 30. Rxc3 Rd1+ 31. Kf2 Rd2+ 32. Kg3 Rxa2 33. a4 Kf8
34. axb5 axb5 35. Rd3 Ke7 36. Rd1 Rxg2+ 0-1

[Event "IX Weekend A"]
[Site "Porto Sant'Elpidio ITA"]
[Date "2006.11.26"]
[Round "6"]
[White "Iaconi, Andrea"]
[Black "Baleani, Emanuele"]
[Result "0-1"]
[WhiteElo "1910"]
[BlackElo "1807"]
[PlyCount "120"]
[EventDate "2006.11.18"]

1. e4 c5 2. Nf3 d6 3. d4 cxd4 4. Nxd4 Nf6 5. Nc3 a6 6. Be2 e5 7. Nb3 Be7 8. O-O
Be6 9. Be3 Nc6 10. Kh1 d5 11. exd5 Nxd5 12. Bd2 O-O 13. Bf3 Rc8 14. a3 Nxc3 15.
Bxc3 Qc7 16. Qe2 Nd4 17. Qe4 Nxf3 18. Qxf3 f5 19. Qe3 Bf6 20. Rfe1 Bxb3 21.
cxb3 e4 22. Rac1 Qf7 23. Bxf6 Qxf6 24. Rc3 Rxc3 25. Qxc3 Qxc3 26. bxc3 Rd8 27.
g3 Rd2 28. Kg1 Rb2 29. b4 Rb3 30. f3 exf3 31. Re3 Rxa3 32. Rxf3 g6 33. Rd3 b5
34. Kf2 Ra2+ 35. Kg1 Kg7 36. Rd7+ Kh6 37. h3 Rc2 38. Rc7 Kg5 39. Rc6 Kh5 40.
Rc7 Kh6 41. Rc6 Kg5 42. Rc7 h5 43. Rc6 h4 44. gxh4+ Kxh4 45. Rxg6 Kxh3 46. Rxa6
Kg3 47. Kf1 Kf3 48. Ke1 Rxc3 49. Rb6 Re3+ 50. Kd2 Re5 51. Kd3 f4 52. Kd4 Rg5
53. Rc6 Kg3 54. Rc3+ f3 55. Ke3 Rf5 56. Rc1 Re5+ 57. Kd4 Re2 58. Kc5 f2 59. Rf1
Re5+ 60. Kd4 Re1 0-1

[Event "IX Weekend A"]
[Site "Porto Sant'Elpidio ITA"]
[Date "2006.11.26"]
[Round "6"]
[White "Marini, Paolo"]
[Black "Giobbi, Costantino"]
[Result "0-1"]
[WhiteElo "1892"]
[BlackElo "1972"]
[PlyCount "114"]
[EventDate "2006.11.18"]

1. e4 e6 2. d4 d5 3. e5 c5 4. c3 Nc6 5. Nf3 Bd7 6. Be2 Nge7 7. Na3 cxd4 8. cxd4
Nf5 9. Nc2 Be7 10. O-O O-O 11. Bd3 Rc8 12. g4 Nh4 13. Nxh4 Bxh4 14. f4 f6 15.
exf6 Bxf6 16. Be3 g6 17. g5 Bg7 18. h4 Ne7 19. h5 Nf5 20. Bxf5 Rxf5 21. hxg6
hxg6 22. Ne1 Qb6 23. Qd2 Be8 24. Nf3 Rf7 25. Rac1 Rfc7 26. Rxc7 Qxc7 27. Rf2
Qc4 28. Nh2 Qxa2 29. Ng4 Qb1+ 30. Kh2 Bb5 31. Qb4 Qf5 32. Kg3 a6 33. Rh2 Qf8
34. Qe1 Bd3 35. Bd2 Qf5 36. Bc3 Qe4 37. Qf2 Rc4 38. Rh4 Qe2 39. Qg1 Be4 40. Qf2
Qxf2+ 41. Kxf2 b5 42. Ne3 Bxd4 43. Bxd4 Rxd4 44. Ng4 Bf5 45. Nf6+ Kf8 46. Ke3
Rd3+ 47. Ke2 Rh3 48. Rxh3 Bxh3 49. Ke3 Ke7 50. Kd4 Kd6 51. Ne8+ Kc6 52. Nf6 a5
53. Kc3 b4+ 54. Kd4 Kb5 55. Nd7 a4 56. Nc5 a3 57. bxa3 bxa3 0-1

[Event "IX Weekend A"]
[Site "Porto Sant'Elpidio ITA"]
[Date "2006.11.26"]
[Round "6"]
[White "Mircoli, Filippo"]
[Black "Paci, Stefano"]
[Result "1-0"]
[WhiteElo "1824"]
[BlackElo "2116"]
[PlyCount "83"]
[EventDate "2006.11.18"]

1. e4 c6 2. d4 d5 3. e5 Bf5 4. f4 e6 5. Nf3 c5 6. Be3 Qb6 7. dxc5 Bxc5 8. Bxc5
Qxc5 9. Nc3 a6 10. Be2 Nc6 11. Nh4 Nge7 12. Qd2 Bxc2 13. Rc1 Bg6 14. Ne4 Qa7
15. Nd6+ Kf8 16. g4 Be4 17. Bf3 Bxf3 18. Nxf3 h5 19. Ng5 hxg4 20. Ngxf7 Rh3 21.
Ng5 Nd4 22. Rc3 Rxc3 23. Qxc3 Qb6 24. Qxd4 Qa5+ 25. Kf2 Nc6 26. Qd3 Qb6+ 27.
Kg3 Ne7 28. Nxe6+ Kg8 29. b3 a5 30. Ng5 g6 31. Kxg4 Qf2 32. Qf3 Qd2 33. Kg3 Rf8
34. Ne6 Nf5+ 35. Nxf5 Rxf5 36. Kg4 Rh5 37. Kg3 d4 38. h4 Qc2 39. Nxd4 Qc8 40.
Qd5+ Kh8 41. Qd6 Rh7 42. Qf6+ $139 1-0

[Event "IX Weekend A"]
[Site "Porto Sant'Elpidio ITA"]
[Date "2006.11.26"]
[Round "6"]
[White "Parrini, Daniele"]
[Black "Colabrese, Cary"]
[Result "1/2-1/2"]
[WhiteElo "1938"]
[BlackElo "1775"]
[PlyCount "33"]
[EventDate "2006.11.18"]

1. e4 e5 2. Nf3 Nf6 3. Nxe5 d6 4. Nf3 Nxe4 5. Nc3 Nxc3 6. dxc3 Be7 7. Be3 O-O
8. Qd2 Bg4 9. Ng5 Nc6 10. f3 Bh5 11. O-O-O Bg6 12. h4 h6 13. Bc4 hxg5 14. hxg5
Ne5 15. Bb3 a5 16. Rh4 a4 17. Rdh1 1/2-1/2

[Event "IX Weekend A"]
[Site "Porto Sant'Elpidio ITA"]
[Date "2006.11.26"]
[Round "6"]
[White "Pierantozzi, Stanislao"]
[Black "Fratini, Mauro"]
[Result "0-1"]
[WhiteElo "2044"]
[BlackElo "1925"]
[PlyCount "160"]
[EventDate "2006.11.18"]

1. d4 Nf6 2. c4 g6 3. Nc3 d5 4. cxd5 Nxd5 5. e4 Nxc3 6. bxc3 Bg7 7. Nf3 O-O 8.
Be2 e6 9. O-O b6 10. Be3 Bb7 11. Qc2 Nd7 12. Rfd1 Qc8 13. Rac1 c5 14. Qb1 Nf6
15. Nd2 Qc7 16. f3 Rab8 17. Bf2 Nh5 18. Bf1 Bh6 19. Rc2 Rfc8 20. Rb2 cxd4 21.
cxd4 Bf4 22. g3 Bd6 23. Nb3 Ba3 24. Rc1 Qd8 25. Rxc8 Rxc8 26. Rc2 Rc7 27. Rxc7
Qxc7 28. Qd3 Nf6 29. Qc4 Qxc4 30. Bxc4 h5 31. Be3 Kf8 32. Bh6+ Kg8 33. Bf4 Bc6
34. Ba6 Nd7 35. Kf2 Kf8 36. Ke2 Ke7 37. Kd3 Bd6 38. Bxd6+ Kxd6 39. Nd2 b5 40.
a4 bxa4 41. Kc3 Nb8 42. Bc4 Nd7 43. Bd3 Nb6 44. Kb4 Kc7 45. Nb1 Nc8 46. Nc3 Kb6
47. Nxa4+ Bxa4 48. Kxa4 a6 49. Kb4 Nd6 50. Be2 a5+ 51. Ka3 g5 52. Bd3 h4 53. g4
Nb7 54. Kb3 Nd6 55. Ka4 Nb7 56. h3 Nd6 57. Be2 Nb7 58. Bf1 Nd8 59. Bb5 Nb7 60.
e5 Nd8 61. Be8 Nc6 62. Bxf7 Nxd4 63. Bg8 Kc5 64. Kxa5 Kd5 65. Kb4 Kxe5 66. Kc4
Nxf3 67. Kd3 Ng1 68. Ke3 Nxh3 69. Kf3 Nf4 70. Bf7 Kd4 71. Be8 e5 72. Bc6 h3 73.
Kg3 Ke3 74. Bh1 e4 75. Kh2 Kd3 76. Kg3 e3 77. Bb7 e2 78. Ba6+ Kd2 79. Bxe2 Kxe2
80. Kh2 Kf3 0-1

[Event "IX Weekend A"]
[Site "Porto Sant'Elpidio ITA"]
[Date "2006.11.26"]
[Round "6"]
[White "Rotoni, Matteo"]
[Black "Voicu, Joan Paul"]
[Result "0-1"]
[WhiteElo "2119"]
[BlackElo "1945"]
[PlyCount "108"]
[EventDate "2006.11.18"]

1. e4 c5 2. d4 cxd4 3. c3 d5 4. exd5 Qxd5 5. cxd4 Nc6 6. Nf3 Bg4 7. Nc3 Qa5 8.
d5 Ne5 9. Nxe5 Bxd1 10. Bb5+ Kd8 11. Nxf7+ Kc8 12. Kxd1 a6 13. Bd3 g6 14. Bf4
Bg7 15. Nxh8 Bxc3 16. Ke2 Bxh8 17. Rac1+ Kd7 18. Rc7+ Qxc7 19. Bxc7 Kxc7 20.
Be4 Kd6 21. h4 Nf6 22. Bf3 Rc8 23. Kd2 Nxd5 24. g4 Bxb2 25. Rb1 Bc3+ 26. Kd3 b5
27. g5 b4 28. Ke4 Rf8 29. Be2 Rf4+ 30. Kd3 Rxf2 31. Bg4 a5 32. h5 gxh5 33. Bxh5
Nf4+ 34. Ke3 Bd4+ 35. Kxd4 Nxh5 36. Rh1 Ng7 37. Rh6+ Ne6+ 38. Kc4 Rxa2 39. Rxh7
Nxg5 40. Rg7 Ne4 41. Rg8 Nc3 42. Rb8 Ke5 43. Kb3 Ke4 44. Kc4 e5 45. Rf8 Ke3 46.
Rh8 e4 47. Rh3+ Kf2 48. Kd4 e3 49. Rh2+ Kg3 50. Rxa2 Nxa2 51. Kxe3 b3 52. Kd3
a4 53. Kd2 b2 54. Kc2 a3 0-1

[Event "LXVI C.to Italiano"]
[Site "Cremona ITA"]
[Date "2006.11.22"]
[Round "1"]
[White "Borgo, Giulio"]
[Black "Contin, Daniel"]
[Result "1/2-1/2"]
[WhiteElo "2420"]
[BlackElo "2386"]
[PlyCount "31"]
[EventDate "2006.11.22"]

1.Nf3 Nf6 2.d4 c5 3.d5 e6 4.Nc3 b5 5.dxe6 fxe6 6.Nxb5 Qa5+ 7.Nc3 Bb7 8.Bd2
Qb6 9.e3 Be7 10.Be2 O-O 11.O-O Nc6 12.a4 a6 13.Ng5 Rad8 14.Nce4 Ba8 15.Rb1
Ne8 16.Nf3 1/2-1/2

[Event "LXVI C.to Italiano"]
[Site "Cremona ITA"]
[Date "2006.11.22"]
[Round "1"]
[White "Godena, Michele"]
[Black "Garcia Palermo, Carlos Horacio"]
[Result "1/2-1/2"]
[WhiteElo "2522"]
[BlackElo "2452"]
[PlyCount "116"]
[EventDate "2006.11.22"]

1.e4 e6 2.d4 d5 3.Nd2 dxe4 4.Nxe4 Bd7 5.Nf3 Bc6 6.Bd3 Nd7 7.O-O Ngf6 8.
Ned2 Be7 9.Re1 b6 10.Qe2 O-O 11.Ng5 Bd6 12.Nc4 h6 13.Nf3 Re8 14.Nce5 Bb7 
15.Bf4 a6 16.Rad1 b5 17.c3 Nf8 18.Bc2 Nd5 19.Bg3 c5 20.dxc5 Bxc5 21.c4 
bxc4 22.Ba4 Re7 23.Nd4 Qa5 24.Bc2 Bxd4 25.Rxd4 c3 26.bxc3 Qxc3 27.Rc4 Qa5 
28.Bb3 Qb5 29.Qd2 Rc8 30.Rxc8 Bxc8 31.Rc1 Bb7 32.Nc4 Rd7 33.Nd6 Qb6 34.
Nxb7 Qxb7 35.Qa5 Ng6 36.Bc4 Ndf4 37.Bf1 Qb2 38.Re1 Qd2 39.Qxd2 Rxd2 40.a4 
Ra2 41.Bxa6 Rxa4 42.Bf1 Nh5 43.Bd6 Nh4 44.Rb1 Rd4 45.Bc7 g5 46.g3 Ng6 47.
Bb6 Rd6 48.Bc5 Rd8 49.Be2 Nf6 50.Rd1 Rc8 51.Bd4 Nd5 52.Bh5 Nge7 53.Ra1 Nf5
54.Bb2 Ng7 55.Bf3 Rd8 56.Ra7 Rb8 57.Be5 Re8 58.Kg2 Rd8 1/2-1/2

[Event "LXVI C.to Italiano"]
[Site "Cremona ITA"]
[Date "2006.11.22"]
[Round "1"]
[White "Manca, Federico"]
[Black "Sarno, Spartaco"]
[Result "1-0"]
[WhiteElo "2425"]
[BlackElo "2354"]
[PlyCount "129"]
[EventDate "2006.11.22"]

1.e4 d6 2.d4 Nf6 3.Nc3 g6 4.Be3 Bg7 5.Qd2 O-O 6.Nf3 c6 7.Bd3 Nbd7 8.h3 e5 
9.O-O Re8 10.dxe5 dxe5 11.a4 Qa5 12.Nd5 Qxd2 13.Nxf6+ Nxf6 14.Nxd2 Be6 15.
a5 Nh5 16.Rfd1 f5 17.Bc4 f4 18.Bc5 Bf8 19.Bxe6+ Rxe6 20.Nb3 Nf6 21.f3 g5 
22.Rd3 Kf7 23.Rad1 Be7 24.Bf2 h5 25.Nc5 Bxc5 26.Bxc5 b6 27.axb6 axb6 28.
Bxb6 Rb8 29.Rb3 g4 30.Rdd3 Ra8 31.Ra3 Rb8 32.Rab3 Ra8 33.Rd1 Rb8 34.Kf1 
Re7 35.Rd6 Reb7 36.Rxc6 Nd7 37.Ba5 Rxb3 38.cxb3 Rxb3 39.Bc3 Rb8 40.Rc7 Ke6
41.Rc6+ Kf7 42.Rd6 Rb7 43.Rh6 g3 44.Rxh5 Ke6 45.Rh8 Ra7 46.Rc8 Ra1+ 47.Be1
Kd6 48.Ke2 Rb1 49.Rc2 Ke6 50.Rc6+ Kf7 51.b4 Nf8 52.Rc2 Ne6 53.Bc3 Nd4+ 54.
Bxd4 exd4 55.Kd3 Rxb4 56.Rc4 Rb2 57.Rc2 Rb4 58.h4 Kg6 59.Rc4 Rb2 60.Rc2 
Rb4 61.Rc6+ Kh5 62.Rf6 Rb3+ 63.Kxd4 Rxf3 64.gxf3 g2 65.Rf5+ 1-0

[Event "LXVI C.to Italiano"]
[Site "Cremona ITA"]
[Date "2006.11.22"]
[Round "1"]
[White "Vocaturo, Daniele"]
[Black "Brunello, Sabino"]
[Result "0-1"]
[WhiteElo "2441"]
[BlackElo "2460"]
[PlyCount "96"]
[EventDate "2006.11.22"]

1.e4 e5 2.Nf3 Nc6 3.Bb5 a6 4.Ba4 Nf6 5.O-O Be7 6.Re1 b5 7.Bb3 O-O 8.d4 d6 
9.c3 Bg4 10.Be3 exd4 11.cxd4 d5 12.e5 Ne4 13.Nc3 Nxc3 14.bxc3 f5 15.Bf4 
Ba3 16.Qd3 Ne7 17.Ng5 Qc8 18.e6 Rf6 19.h3 Bh5 20.Be5 Rg6 21.h4 c6 22.Bd1 
Bxd1 23.Raxd1 h6 24.Nh3 Rg4 25.h5 Qxe6 26.f3 Rh4 27.Bg3 Qf6 28.Nf4 Rxf4 
29.Bxf4 Qh4 30.Qe3 Qxh5 31.Bd6 Bxd6 32.Qe6+ Kh7 33.Qxd6 Ng6 34.Qxc6 Rf8 
35.Qd6 Qg5 36.Qh2 Rc8 37.Rd3 Nf4 38.Rde3 b4 39.g3 Rxc3 40.Kf1 Nh5 41.Rxc3 
Nxg3+ 42.Kg1 bxc3 43.Qc2 Ne4+ 44.Kf1 Nd2+ 45.Kf2 Qf4 46.Re3 Qh2+ 47.Ke1 
Nxf3+ 48.Kd1 Qg1+ 0-1

[Event "LXVI C.to Italiano"]
[Site "Cremona ITA"]
[Date "2006.11.23"]
[Round "2"]
[White "Caruana, Fabiano"]
[Black "Brunello, Sabino"]
[Result "1-0"]
[WhiteElo "2474"]
[BlackElo "2460"]
[PlyCount "57"]
[EventDate "2006.11.22"]

1.e4 e5 2.Nf3 Nc6 3.Bb5 a6 4.Ba4 Nf6 5.O-O Be7 6.d3 d6 7.c3 O-O 8.Nbd2 b5 
9.Bb3 Na5 10.Bc2 c5 11.Re1 Re8 12.Nf1 Bf8 13.Ng3 g6 14.d4 cxd4 15.cxd4 
exd4 16.Nxd4 Bg7 17.b3 Bb7 18.Bb2 Nd7 19.Qd2 Ne5 20.Rad1 Rc8 21.Bb1 Nac6 
22.Nxc6 Rxc6 23.h3 Qh4 24.Ne2 d5 25.f4 Bh6 26.Qd4 Bxf4 27.Nxf4 Qxf4 28.Rf1
Qh4 29.Qa7 1-0

[Event "LXVI C.to Italiano"]
[Site "Cremona ITA"]
[Date "2006.11.23"]
[Round "2"]
[White "Garcia Palermo, Carlos Horacio"]
[Black "Manca, Federico"]
[Result "1-0"]
[WhiteElo "2452"]
[BlackElo "2425"]
[PlyCount "105"]
[EventDate "2006.11.22"]

1.d4 d5 2.Nf3 c5 3.c4 e6 4.cxd5 exd5 5.g3 Nc6 6.Bg2 Nf6 7.O-O Be7 8.Nc3 
O-O 9.b3 Ne4 10.Bb2 Bf6 11.Na4 b6 12.dxc5 Bxb2 13.Nxb2 bxc5 14.Na4 Ba6 15.
Rc1 Re8 16.Re1 c4 17.Nd2 Qa5 18.Bxe4 dxe4 19.Nxc4 Bxc4 20.Rxc4 Rad8 21.Qc1
Nd4 22.Rc5 Qb4 23.Qc3 Qa3 24.Rc4 Nb5 25.Qb4 a6 26.Qxa3 Nxa3 27.Rc6 Rd2 28.
Nc3 Nb5 29.Nxe4 Rxa2 30.e3 h6 31.Rc4 Rd8 32.g4 Rb2 33.Ra1 Rxb3 34.Rxa6 
Rbd3 35.Rcc6 R3d5 36.Ng3 g6 37.h4 R5d6 38.h5 Rxc6 39.Rxc6 Rd6 40.Rxd6 Nxd6
41.f4 Kg7 42.e4 Nc4 43.Kf2 Kf6 44.e5+ Ke7 45.Kf3 gxh5 46.Nxh5 Ke6 47.Ke4 
Nd2+ 48.Ke3 Nb3 49.Ng7+ Kd5 50.Nf5 Na5 51.Nxh6 Nc4+ 52.Kf3 Nd2+ 53.Ke2 1-0